000 00537cam a22002171 4500
001 sa 68012848
003 DLC
005 20260227112616.0
008 940329s1966 io 000 1 jav
010 _asa 68012848
035 _a(OCoLC)30051930
040 _aDLC
_cCU
_dDLC
042 _apremarc
050 0 0 _aPL5179.W5
_bM3
100 1 _aWidajat, Widi.
245 1 0 _aMaido marang Pangeran.
_cGambar: S. Har.
250 _aTjaptjapan 1.
260 _aSemarang,
_b"Dawud,"
_c1966.
300 _a38 p.
_c15 cm.
500 _aA novel.
999 _c84782
_d84782